000 00421nam a2200181Ia 4500
001 18708
005 20260306171650.0
008 260306s9999||||xx |||||||||||||| ||und||
041 _aESP
082 _a658.5
_bC28
100 _aCarreño Solís, Adolfo,
_eAUT
245 0 _aLogística de la A a la Z
260 _c2014
300 _a422 páginas :
_c
650 _aGEN
654 _aCAN
942 _cLIB
_dJUS
_fJUS
_2ddc
_n
999 _c18708
_d18708